000 00588nam a2200181Ia 4500
008 220216s9999 xx 000 0 und d
100 _aLeicht Walter H
245 0 _aAdhesion failure in bonded rubber cylinders. Part.2. Fatigue life prediction of external ring-shaped cracks using tearing energy approach
260 _bRubber Chemistry and Technology
_c2003
300 _a365-385
650 _aBonded rubber disks
650 _aFatigue crack propagation
650 _aRubber cylinders
650 _aTearing
700 _aKuhr Julie H
700 _aPoulter Robert R
942 _cJS
999 _c53810
_d53810